Score 0/30 Timer 10:00
2 Plays Today
% Correct
The Simpsons
99.7%
Spider-Man
96.7%
The Smurfs
96.2%
The Flintstones
96.1%
Superman
94.8%
SpongeBob SquarePants
94.5%
Family Guy
94.2%
The Pink Panther
94%
Winnie the Pooh
93.8%
Donald Duck
93.2%
Alvin and the Chipmunks
92.3%
Scooby-Doo
92%
Peanuts
91.7%
Popeye the Sailor
91.7%
The Yogi Bear Show
91.6%
% Correct
Rugrats
90.2%
Inspector Gadget
89.2%
Sonic the Hedgehog
86.7%
Tasmanian Devil
86%
Goofy
85.6%
Futurama
83.5%
Johnny Bravo
83.2%
Pinky and the Brain
79.3%
Dexter's Laboratory
76.8%
The Rocky and Bullwinkle Show
75.1%
The Ren & Stimpy Show
69.9%
The Fairly Odd Parents
67.8%
The Flash
67%
Invader ZIM
33.6%
Captain Marvel (SHAZAM!)
32.7%
Remove Ads.
Support Sporcle.
Get the best of Sporcle when you Go Orange. This ad-free experience offers more features, more stats, and more fun while also helping to support Sporcle. Thank you for becoming a member.

You're not logged in!

Compare scores with friends on all Sporcle quizzes.
OR
Log In

Show Comments

Extras

Top Quizzes Today


Score Distribution

Your Account Isn't Verified!

In order to create a playlist on Sporcle, you need to verify the email address you used during registration. Go to your Sporcle Settings to finish the process.

Report this User

Report this user for behavior that violates our Community Guidelines.

Details: